000 00354pam a2200157a 44500
008 230515b1980 xxu||||| |||| 00| 0 eng d
020 _aNULL
041 _aENGLISH
082 _aN.D.
100 _aThompson Robert G.
245 _aBasic Modular Approach
250 _a0
260 _aNULL
_bC.B. S.Publisher
_c1980
300 _a366
650 _aNULL
999 _c569929
_d569929